ALL 26 NCT members by pictures(2024 update) - Statistics

General Stats
  • This quiz has been taken 4,528 times
    4,251 since last reset
  • The average score is 20 of 26
Answer Stats
Picture Answer % Correct
JOHNNY
98%
CHENLE
91%
YUTA
90%
TAEYONG
84%
KUN
83%
JISUNG
82%
RENJUN
82%
HAECHAN
81%
JAEHYUN
81%
DOYOUNG
80%
HENDERY
80%
TEN
80%
XIAOJUN
80%
JAEMIN
79%
MARK
77%
JENO
75%
JUNGWOO
75%
TAEIL
73%
WINWIN
73%
YANGYANG
72%
RYO
67%
SAKUYA
66%
RIKU
65%
SION
64%
YUSHI
63%
JAEHEE
61%
No matching quizzes found
Score Distribution
Percent of People with Each Score
Percentile by Number Answered
Your Score History
You have not taken this quiz since the last reset